|
|
|
|
| LEADER |
00758ncm a22002172a 4500 |
| 001 |
000663686 |
| 003 |
CZ BrMZK |
| 005 |
20130902090655.0 |
| 007 |
qu |
| 008 |
030327s1900 it f ita d |
| 040 |
|
|
|a BOA001
|b cze
|
| 072 |
|
7 |
|a 784
|x Vokální hudba
|2 Konspekt
|9 9
|
| 100 |
1 |
|
|a Di Capua, Eduardo,
|d 1864-1917
|7 xx0020133
|4 cmp
|
| 245 |
1 |
0 |
|a Maria, Mari!
|h [hudebnina] /
|c musica di E. Di Capua ; versi di Vincenzo Russo
|
| 260 |
|
|
|a Napoli :
|b Premiato stabilimento Bideri,
|c [1900?]
|
| 300 |
|
|
|a 1 sv. (nestránkován)
|
| 700 |
1 |
|
|a Russo, Vincenzo,
|d 1876-1904
|7 mzk2010593495
|4 lyr
|
| 910 |
|
|
|a BOA001
|b Mus4-0116.307
|
| 990 |
|
|
|a MU
|
| 991 |
|
|
|b 201303
|
| 996 |
6 |
|
|b 2619409909
|c Mus4-0116.307
|l MZK
|r Sklad / do 1 hodiny
|n 2
|w 000663686
|u 000010
|a 1
|e BOA001
|j MZK50
|s P
|